Statistics for Dallas Cowboys Lineup

Click here to take the quiz!

General Stats

  • This quiz has been taken 51 times
  • The average score is 14 of 22

Answer Stats

PositionPlayer% Correct
RBEzekiel Elliott
100%
QBDak Prescott
100%
WR 1Amari Cooper
98%
MLBJaylon Smith
93%
LTTyron Smith
93%
RGZack Martin
75%
ROLBSean Lee
75%
LEDemarcus Lawrence
68%
PChris Jones
68%
RTLa'el Collins
65%
CB 1Byron Jones
65%
CTravis Frederick
60%
DTMallek Collins
58%
CB 2Chidobe Awuzie
58%
FSXavier Woods
53%
KBrett Maher
53%
SSJeff Heath
50%
WR 2Cole Beasley
48%
TEGeoff Swaim
43%
LGXavier Su'a-Filo
30%
REDavid Irving
30%
LOLBDamien Wilson
23%

Score Distribution

Percentile by Number Answered

Percent of People with Each Score

Your Score History

You have not taken this quiz